Detalles MARC
| 000 -ENCABEZADO |
| Número de control [NR] |
01220nam a22002777a 4500 |
| 008 - DE LONGITUD FIJA DE DATOS DE ELEMENTOS - INFORMACIÓN GENERAL |
| Elementos de longitud fija [NR] |
130821s2001 ck gr spa |
| 020 ## - NUMERO INTERNACIONAL NORMALIZADO PARA LIBROS [R] |
| Número Internacional Normalizado del libro [NR] |
9586165078 |
| 040 ## - FUENTE DE CATALOGACION [NR] |
| Agencia de catalogación original [NR] |
Co-BoUCM |
| Idioma de catalogación [NR] |
spa |
| 041 00 - CODIGO DE IDIOMA [R] |
| Código de idioma para texto/pista de sonido o título separado [R] |
Español |
| 100 1# - ASIENTO PRINCIPAL--NOMBRE PERSONAL [NR] |
| Nombre personal [NR] |
Gaviria Liévano, José Enrique |
| Fechas asociadas con el nombre [NR] |
1939- |
| 245 10 - MENCION DE TITULO [NR] |
| Título [NR] |
Política exterior Colombiana |
| Mención de responsabilidad, etc. [NR] |
Enrique Gaviria Liévano. |
| 260 ## - PUBLICACION, DISTRIBUCION, ETC. (PIE DE IMPRENTA) [R] |
| Lugar de publicación, distribución, etc. [R] |
Bogotá (Colombia) |
| Nombre del editor, distribuidor, etc. [R] |
Univiversidad Externado de Colombia |
| Fecha de publicación, distribución, etc. [R] |
2001 |
| 300 ## - DESCRIPCION FISICA [R] |
| Extensión [R] |
2 volúmenes |
| 505 ## - NOTA DE CONTENIDO CON FORMATO PREESTABLECIDO [R] |
| Nota de contenido con formato preestablecido [NR] |
V.1 : Nuestro Archipiélago de San Andrés y el tratado con Nicaragua. -- V.2 : Los monjes en el diferendo con Venezuela. |
| 651 #7 - ASIENTO SECUNDARIO DE MATERIA - NOMBRE GEOGRAFICO [R] |
| Nombre geográfico [NR] |
Colombia |
| Geographic name following place entry element [OBSOLETE] |
Relaciones internacionales |
| Subdivisión geográfica [R] |
Nicaragua |
| 9 (RLIN) |
26606 |
| 651 #7 - ASIENTO SECUNDARIO DE MATERIA - NOMBRE GEOGRAFICO [R] |
| Nombre geográfico [NR] |
Colombia |
| Geographic name following place entry element [OBSOLETE] |
Relaciones internacionales |
| Subdivisión geográfica [R] |
Nicaragua |
| 9 (RLIN) |
26606 |
| 651 #7 - ASIENTO SECUNDARIO DE MATERIA - NOMBRE GEOGRAFICO [R] |
| Nombre geográfico [NR] |
Colombia |
| Geographic name following place entry element [OBSOLETE] |
Relaciones internacionales |
| Subdivisión geográfica [R] |
Venezuela |
| 9 (RLIN) |
26606 |
| 651 #7 - ASIENTO SECUNDARIO DE MATERIA - NOMBRE GEOGRAFICO [R] |
| Nombre geográfico [NR] |
Colombia |
| Subdivisión general [R] |
Limites |
| Subdivisión geográfica [R] |
Nicaragua |
| 9 (RLIN) |
26606 |
| 651 #7 - ASIENTO SECUNDARIO DE MATERIA - NOMBRE GEOGRAFICO [R] |
| Nombre geográfico [NR] |
Colombia |
| Subdivisión general [R] |
Limites |
| Subdivisión geográfica [R] |
Venezuela |
| 9 (RLIN) |
26606 |
| 651 #7 - ASIENTO SECUNDARIO DE MATERIA - NOMBRE GEOGRAFICO [R] |
| Nombre geográfico [NR] |
Nicaragua |
| Geographic name following place entry element [OBSOLETE] |
Relaciones internacionales |
| Subdivisión geográfica [R] |
Colombia |
| 9 (RLIN) |
27151 |
| 651 #7 - ASIENTO SECUNDARIO DE MATERIA - NOMBRE GEOGRAFICO [R] |
| Nombre geográfico [NR] |
Nicaragua |
| Subdivisión general [R] |
Limites |
| Subdivisión geográfica [R] |
Colombia |
| 9 (RLIN) |
27151 |
| 651 #7 - ASIENTO SECUNDARIO DE MATERIA - NOMBRE GEOGRAFICO [R] |
| Nombre geográfico [NR] |
Venezuela |
| Geographic name following place entry element [OBSOLETE] |
Relaciones internacionales |
| Subdivisión geográfica [R] |
Colombia |
| 9 (RLIN) |
26721 |
| 651 #7 - ASIENTO SECUNDARIO DE MATERIA - NOMBRE GEOGRAFICO [R] |
| Nombre geográfico [NR] |
Venezuela |
| Subdivisión general [R] |
Limites |
| Subdivisión geográfica [R] |
Colombia |
| 9 (RLIN) |
26721 |
| 942 ## - ELEMENTOS DE ENTRADA AGREGADOS (KOHA) |
| Tipo de ítem principal el descrito en 300a |
Libro |
| Tema principal |
Ciencia política |
| Edición |
1 |
| Parte restante de la signatura top. |
G183 |
| Sistema de clasificación |
DEWEY |
| Clasificación |
327.861 |